| 000 | 00424 a2200109 4500 | ||
|---|---|---|---|
| 001 | ART_10789 | ||
| 005 | 20260410161854.0 | ||
| 008 | 260409a | ||
| 245 | 1 | 0 | _aLos derechos de incidencia colectiva en el Proyecto de Código Civil y Comercial de la Nación |
| 100 | 1 | _aAzar, María José | |
| 773 | 0 |
_tDerecho privado _gReforma del Código Civil I. Aspectos generales - Año I, Nº 2 (sep. 2012) _wREV10455 |
|
| 999 |
_c25306 _d25306 |
||